[Event "It (open)"]
[Site "masterchessopen.com - Balatonbereny (Hungary)"]
[Round "6"]
[White "Kekki Petri (FIN)"]
[Black "Andres Miguel (CUB)"]
[Result "0-1"]
[WhiteElo "2335"]
[BlackElo "2383"]

1.d4 Nf6 2.c4 c5 3.d5 g6 4.Nc3 d6 5.Nf3 Bg7 6.e4 O-O 7.Be2 e6 8.O-O exd5
9.cxd5 Re8 10.Nd2 Nbd7 11.f4 c4 12.Kh1 Nc5 13.e5 dxe5 14.fxe5 Rxe5 15.Nxc4 Re8
16.Bf3 Bf5 17.Be3 Rc8 18.b3 Bd3 19.Re1 b5 20.Nb2 Bf5 21.Bd4 b4 22.Nb5 Qd7
23.Rxe8+ Rxe8 24.Qf1 Nce4 25.Nxa7 Nd2 26.Qb5 Nxf3 27.Qxd7 Bxd7 28.gxf3 Nxd5
29.Bxg7 Kxg7 30.Rd1 Re2 31.Nd3 Rxa2 32.Nxb4 Rxa7 33.Nxd5 Bc6 34.Kg2 Rb7 35.b4
Bxd5 36.Rxd5 Rxb4 37.Rd2 g5 38.Rd6 f6 39.Kg3 Kg6 40.Rd2 Rc4 41.Rd6 h5 42.Rd2
Kf5 43.Rd5+ Ke6 44.Rd2 Ke5 45.Ra2 Rd4 46.Ra5+ Rd5 {#R} 0-1

[Event "?"]
[Site "masterchessopen.com - Belgrade (Yugoslavia)"]
[Round "0"]
[White "Savon Vladimir A (UKR)"]
[Black "Lobron Eric (GER)"]
[Result "0-1"]
[WhiteElo "2430"]
[BlackElo "2530"]

1.d4 e6 2.c4 c5 3.d5 exd5 4.cxd5 d6 5.Nc3 g6 6.e4 Bg7 7.Be2 Nf6 8.Nf3 O-O
9.O-O Re8 10.Nd2 Nbd7 11.Re1 Ne5 12.Nf1 c4 13.a4 Bd7 14.h3 Qa5 15.Be3 Rac8
16.Bd4 Qa6 17.Nd2 h5 18.a5 Nh7 19.Nf3 Nxf3+ 20.Bxf3 Bxd4 21.Qxd4 b5 22.axb6
Qxb6 23.Qxb6 axb6 24.Ra7 Nf6 25.Rea1 b5 26.Rb7 Rb8 27.Rc7 b4 28.Nd1 Rec8
29.Rxc8+ Rxc8 30.Rc1 Ba4 31.Ne3 Bb3 32.Kf1 Nd7 33.Be2 Nb6 34.Ke1 Na4 35.Nc2
Rb8 36.Nd4 Nxb2 37.Nxb3 cxb3 38.Rb1 Na4 39.Rxb3 Nc5 {#R} 0-1

[Event "?"]
[Site "masterchessopen.com - Berlin (Germany)"]
[Round "3"]
[White "Marin Mihail (ROM)"]
[Black "Ruisinger Werner (GER)"]
[Result "1-0"]
[WhiteElo "2480"]
[BlackElo "2175"]

1.d4 Nf6 2.c4 c5 3.d5 e6 4.Nc3 exd5 5.cxd5 d6 6.Nf3 g6 7.Nd2 Bg7 8.e4 O-O
9.Be2 Re8 10.O-O b6 11.f3 a6 12.a4 Nbd7 13.Re1 Ne5 14.Nf1 h6 15.Be3 Rb8 16.Qd2
Kh7 17.Ra3 Qc7 18.Rb1 Ned7 19.b3 Ne5 20.Kh1 Ned7 21.Ra2 Ne5 22.Rc2 Qd8 23.Ng3
Ng8 24.b4 Nd7 25.f4 h5 26.e5 dxe5 27.f5 Bh6 28.Nce4 Bxe3 29.Qxe3 Ngf6 30.fxg6+
fxg6 31.Ng5+ Kg8 32.d6 Nf8 33.bxc5 h4 34.Bc4+ Be6 35.Nxe6 Nxe6 36.Qxe5 hxg3
37.Bxe6+ Kg7 38.c6 Rh8 39.Qxg3 Ne4 40.Qe5+ Qf6 41.Qxe4 {#r} 1-0

[Event "It (open)"]
[Site "masterchessopen.com - Cannes (France)"]
[Round "0"]
[White "Kuligowski Adam (POL)"]
[Black "Boudre Jean-Pierre (FRA)"]
[Result "1-0"]
[WhiteElo "2430"]
[BlackElo "2299"]

1.d4 Nf6 2.c4 e6 3.Nf3 c5 4.d5 exd5 5.cxd5 d6 6.Nc3 g6 7.Nd2 Bg7 8.e4 O-O
9.Be2 Re8 10.O-O Nbd7 11.a4 Ne5 12.Re1 Nh5 13.Nf1 f5 14.Bxh5 gxh5 15.Ng3 f4
16.Bxf4 Qh4 17.Qxh5 Qxh5 18.Nxh5 Nd3 19.Nxg7 {#r} 1-0

[Event "It (open)"]
[Site "masterchessopen.com - Dieren (Netherlands)"]
[Round "2"]
[White "Grooten Herman (NED)"]
[Black "Krudde Fitzgerald (NED)"]
[Result "1-0"]
[WhiteElo "2333"]
[BlackElo "2298"]

1.d4 Nf6 2.Nf3 c5 3.d5 e6 4.c4 exd5 5.cxd5 d6 6.Nc3 g6 7.e4 Bg7 8.Nd2 O-O
9.Be2 Re8 10.O-O Nbd7 11.Re1 Ne5 12.Nf1 c4 13.a4 a6 14.h3 Rb8 15.f4 Nd3
16.Bxd3 cxd3 17.Qxd3 b5 18.axb5 axb5 19.Bd2 b4 20.Na4 Qa5 21.Ng3 h5 22.Kh2 h4
23.Nh1 Nh5 24.Nf2 f5 25.Qb3 Bd4 26.Be3 Bxe3 27.Qxe3 Qb5 28.Qd4 Nxf4 29.Qf6 Qd7
30.Qxh4 Nh5 31.exf5 Bb7 32.fxg6 Qf5 33.Ne4 Rf8 34.Nxd6 Qxd5 35.Nxb7 Rxb7
36.Rad1 Qa5 37.Qc4+ Kh8 38.Rd5 {#r} 1-0

[Event "It (open)"]
[Site "masterchessopen.com - Dornbirn (Austria)"]
[Round "0"]
[White "Milanesi Bruno"]
[Black "Stanojevic Stanimir (BIH)"]
[Result "0-1"]
[WhiteElo "1900"]
[BlackElo "2107"]

1.d4 Nf6 2.c4 c5 3.d5 g6 4.Nc3 Bg7 5.e4 d6 6.Nf3 O-O 7.Be2 e6 8.O-O exd5
9.cxd5 Re8 10.Nd2 a6 11.a4 Nbd7 12.f3 Nh5 13.Nc4 Ne5 14.Ne3 Nf4 15.Nc2 Qg5
16.Bxf4 Qxf4 17.g3 Qh6 18.Qc1 Qh3 19.Rf2 c4 20.Bf1 Qh5 21.Ne1 Nd3 22.Bxd3 cxd3
23.Qe3 Bd7 24.Qxd3 b5 25.axb5 axb5 26.Rxa8 Rxa8 27.Nc2 Rb8 28.b4 Qe5 29.Ne2
Qb2 30.Kg2 Rc8 31.Ned4 Rc4 32.Rd2 Bxd4 33.Nxd4 Qxb4 34.Ne2 Qc5 35.Ra2 Ra4
36.Rc2 Qb6 37.Qb3 b4 38.Rc4 Qa6 39.Nd4 Ra2+ 40.Kg1 Bh3 41.Nc2 Qa7+ {#R} 0-1

[Event "It (open)"]
[Site "masterchessopen.com - Groningen (Netherlands)"]
[Round "0"]
[White "Den Boer Ber (NED)"]
[Black "Maier Christian (GER)"]
[Result "0-1"]
[WhiteElo "2350"]
[BlackElo "2352"]

1.d4 e6 2.c4 Nf6 3.Nf3 c5 4.d5 exd5 5.cxd5 d6 6.Nc3 g6 7.e4 Bg7 8.Nd2 O-O
9.Be2 Re8 10.O-O Nbd7 11.f3 Ne5 12.a4 g5 13.Ra3 Nfd7 14.Qc2 Ng6 15.Nc4 Nde5
16.Ne3 Nf4 17.Bb5 Re7 18.g3 Nh3+ 19.Kg2 h5 20.Be2 Re8 21.Nf5 g4 22.fxg4 hxg4
23.Bxg4 Nxg4 24.Kxh3 Ne5 25.Kg2 a6 26.Qe2 Bxf5 27.Rxf5 Qd7 28.Bg5 Ng6 29.Qd3
Ne7 30.Rf4 Be5 31.Rf1 Qg4 32.Bf6 Ng6 33.Kh1 Bxc3 34.Bxc3 Rxe4 35.Qf3 Qxf3+
36.Rxf3 Rae8 37.Rf6 Re2 38.Rxd6 Rc2 39.Ra1 Ree2 40.h4 Rh2+ 41.Kg1 Rcg2+ 42.Kf1
Rxg3 43.Re1 Rf3+ 44.Kg1 Rxh4 45.Rf6 Rhf4 46.Rxf4 Nxf4 47.Re8+ Kh7 48.d6 Rd3
49.Re7 Kg6 50.Be5 Kf5 51.Bxf4 Kxf4 52.Rxf7+ Ke3 53.Rxb7 Rxd6 54.a5 Rd1+ 55.Kg2
Ra1 56.b4 c4 57.b5 axb5 58.Rxb5 c3 59.Rc5 Ra2+ 60.Kf1 c2 61.Re5+ Kd2 62.Rd5+
Kc3 63.Rc5+ Kb4 64.Rc8 Ra1+ {#R} 0-1

[Event "It"]
[Site "masterchessopen.com - Oakham (England)"]
[Round "5"]
[White "Nickoloff Bryon (CAN)"]
[Black "Findlay Ian T (CAN)"]
[Result "1-0"]
[WhiteElo "2403"]
[BlackElo "2350"]

1.d4 Nf6 2.c4 c5 3.d5 e6 4.Nc3 exd5 5.cxd5 d6 6.Nf3 g6 7.Nd2 Bg7 8.e4 O-O
9.Be2 Re8 10.O-O Nbd7 11.a4 Ne5 12.Qc2 g5 13.Nc4 Nxc4 14.Bxc4 Ng4 15.Ne2 a6
16.Ra3 Qe7 17.Ng3 b6 18.Be2 Bd7 19.Qd1 Ne5 20.Nh5 Bh8 21.Bxg5 f6 22.Bd2 b5
23.Rg3+ Ng6 24.Nf4 Kf7 25.axb5 axb5 26.Ne6 Bxe6 27.dxe6+ Qxe6 28.Bxb5 Rec8
29.Qh5 {#r} 1-0

[Event "It"]
[Site "masterchessopen.com - Rostock (Germany)"]
[Round "6"]
[White "Pieniazek Artur (POL)"]
[Black "Socha Czeslaw (POL)"]
[Result "1-0"]
[WhiteElo "2362"]
[BlackElo "2235"]

1.d4 Nf6 2.c4 c5 3.d5 e6 4.Nc3 exd5 5.cxd5 d6 6.e4 g6 7.Nf3 Bg7 8.Be2 O-O
9.O-O Re8 10.Nd2 Nbd7 11.h3 Rb8 12.Qc2 Nh5 13.Bxh5 gxh5 14.a4 a6 15.a5 Kh8
16.f4 b5 17.axb6 f5 18.Nf3 fxe4 19.Nxe4 Nf6 20.Nfg5 Re7 21.Nxf6 Bxf6 22.Bd2
Rxb6 23.Ba5 h6 24.Ne6 Bxe6 25.dxe6 Rxe6 26.Kh1 Bd4 27.Qf5 d5 28.Qxe6 {#r} 1-0

[Event "It (cat.9)"]
[Site "masterchessopen.com - Wijk aan Zee (Netherlands)"]
[Round "0"]
[White "Lukacs Peter (HUN)"]
[Black "Krnic Zdenko (SRB)"]
[Result "1-0"]
[WhiteElo "2490"]
[BlackElo "2430"]

1.d4 Nf6 2.c4 e6 3.Nf3 c5 4.d5 exd5 5.cxd5 d6 6.Nc3 g6 7.Nd2 Bg7 8.e4 O-O
9.Be2 Re8 10.O-O Nbd7 11.a4 Ne5 12.Ra3 g5 13.Qc2 a6 14.a5 Rb8 15.Nd1 Ng6
16.Ne3 Nf4 17.Bd1 b5 18.axb6 Rxb6 19.f3 N6h5 20.Ndc4 Rb5 21.Kh1 Bd4 22.g3 Nh3
23.Qg2 Ng7 24.Ng4 h5 25.Nh6+ Kf8 26.f4 g4 27.f5 Qf6 28.Bxg4 Nf2+ 29.Rxf2 Bxf2
30.Be2 Bd4 31.Bf4 Rd8 32.g4 Qh4 33.Ra1 Ne8 34.gxh5 Bg7 35.Bg5 Qxg5 36.Qxg5 Rd7
37.Ng4 {#r} 1-0

[Event "It (open)"]
[Site "masterchessopen.com - Zurich (Switzerland)"]
[Round "6"]
[White "Illi Hans-Joerg (SUI)"]
[Black "Moling P"]
[Result "0-1"]
[WhiteElo "2122"]
[BlackElo "2050"]

1.d4 Nf6 2.Nf3 c5 3.d5 e6 4.c4 exd5 5.cxd5 d6 6.Nc3 g6 7.e4 Bg7 8.Be2 O-O
9.O-O Re8 10.Nd2 Nbd7 11.a4 a6 12.Qc2 Ne5 13.Nc4 Nxc4 14.Bxc4 Ng4 15.Bf4 Ne5
16.Bd3 Bd7 17.Rae1 c4 18.Be2 b5 19.axb5 axb5 20.Bg3 Qb6 21.Kh1 f5 22.f4 Nd3
23.Bxd3 cxd3 24.Qxd3 b4 25.Bf2 Qb7 26.e5 bxc3 27.bxc3 dxe5 28.fxe5 Bxe5 29.c4
f4 30.Rb1 Qc8 31.Rb6 Bf5 32.Qb3 Be4 33.c5 Qg4 34.Rg1 Ra1 {#R} 0-1

[Event "It (open)"]
[Site "masterchessopen.com - Caorle (Italy)"]
[Round "3"]
[White "Miladinovic Igor (SRB)"]
[Black "Nagy Janos (HUN)"]
[Result "1-0"]
[WhiteElo "2560"]
[BlackElo "2214"]

1.d4 Nf6 2.c4 d6 3.Nf3 g6 4.Nc3 Bg7 5.e4 O-O 6.Be2 c5 7.d5 e6 8.O-O exd5
9.cxd5 Re8 10.Nd2 a6 11.a4 Nbd7 12.Qc2 Ne5 13.Ra3 g5 14.Re1 h6 15.Nf1 Ng6
16.Ng3 Ng4 17.h3 Nf6 18.Qd1 b6 19.Bg4 Nxg4 20.hxg4 Ne5 21.Nf5 Bxf5 22.gxf5 c4
23.Ne2 b5 24.Nd4 Nd3 25.Nc6 Qb6 26.Re2 bxa4 27.Rxa4 Bxb2 28.Rb4 Nxb4 29.Rxb2
a5 30.Qh5 Qc7 31.f6 Nxd5 32.exd5 Re1+ 33.Kh2 {#r} 1-0

[Event "It (open)"]
[Site "masterchessopen.com - Dieren (Netherlands)"]
[Round "0"]
[White "De Boer Gert-Jan (NED)"]
[Black "Krudde Fitzgerald (NED)"]
[Result "1-0"]
[WhiteElo "2430"]
[BlackElo "2298"]

1.d4 Nf6 2.Nf3 e6 3.c4 c5 4.d5 exd5 5.cxd5 d6 6.Nc3 g6 7.Nd2 Bg7 8.e4 O-O
9.Be2 Re8 10.O-O Nbd7 11.a4 Ne5 12.Qc2 Nh5 13.Bxh5 gxh5 14.Nd1 Qh4 15.Ra3 Ng6
16.Ne3 Bd7 17.Nec4 Qe7 18.Re3 Qf8 19.Qd1 h4 20.h3 Rad8 21.Rf3 Bc8 22.b3 Kh8
23.Qc2 b6 24.Bb2 Re7 25.Bf6 Bxf6 26.Rxf6 Red7 27.f4 Qg7 28.e5 dxe5 29.fxe5
Rxd5 30.Rxf7 Qh6 31.Ne4 Be6 32.Rxa7 Bg8 33.Nf6 Rd3 34.Qf2 Rd1 35.Nxg8 Rxf1+
36.Qxf1 Nxe5 {#r} 1-0

[Event "It"]
[Site "masterchessopen.com - Frankfurt (Germany)"]
[Round "3"]
[White "Roeschlau Bernd (GER)"]
[Black "Kertesz Alfred (GER)"]
[Result "0-1"]
[WhiteElo "2222"]
[BlackElo "2271"]

1.d4 Nf6 2.c4 c5 3.d5 d6 4.Nc3 g6 5.Nf3 Bg7 6.e4 O-O 7.Be2 e6 8.O-O exd5
9.cxd5 Re8 10.Nd2 Nbd7 11.a4 a6 12.Ra3 Rb8 13.a5 g5 14.Nc4 Nxe4 15.Nxe4 Rxe4
16.Rg3 h6 17.Nxd6 Rd4 18.Qc2 Nf6 19.Nxc8 Rxc8 20.f4 Ne4 21.Re3 Qxd5 22.Bf3 f5
23.fxg5 hxg5 24.g4 Rc4 25.Qb3 Bd4 26.Be2 Nd6 27.gxf5 Re8 28.Bxc4 Qxc4 {#R} 0-1

[Event "Bundesliga 1988/89"]
[Site "masterchessopen.com - Germany"]
[Round "0"]
[White "Juhnke Karl (GER)"]
[Black "Migl Dieter (GER)"]
[Result "1-0"]
[WhiteElo "2178"]
[BlackElo "2170"]

1.d4 Nf6 2.c4 e6 3.Nc3 c5 4.d5 exd5 5.cxd5 d6 6.Nf3 g6 7.Nd2 Bg7 8.e4 O-O
9.Be2 Re8 10.O-O Nbd7 11.a4 Ne5 12.Ra3 g5 13.Qc2 g4 14.Re1 a6 15.Nf1 Nh5
16.Nd1 Rb8 17.a5 Qf6 18.Ng3 Nxg3 19.hxg3 Bd7 20.Bd2 Qg6 21.Ne3 h5 22.Nf5 Bxf5
23.exf5 Qf6 24.Bc3 Qg5 25.Bd2 Qf6 26.Rb3 Bh6 27.Bc3 Qg5 28.Bf1 Bg7 29.Bd2 Qd8
30.Rb6 Qc7 31.Bf4 Re7 32.Rc1 Rc8 33.f6 Bxf6 34.Qf5 Bg7 35.Rxd6 c4 36.Rb6 Qd7
37.Qg5 f6 38.Qxh5 Qxd5 39.Bxe5 Qxe5 40.Qxg4 f5 41.Bxc4+ Kf8 42.Qg6 Rec7 43.Re6
Rc6 {#r} 1-0

[Event "Regionalliga NordS"]
[Site "masterchessopen.com - Germany"]
[Round "0"]
[White "Gellrich Peter (GER)"]
[Black "Hummel Dirk (GER)"]
[Result "1-0"]
[WhiteElo "2202"]
[BlackElo "2269"]

1.d4 Nf6 2.c4 c5 3.d5 e6 4.Nc3 exd5 5.cxd5 d6 6.e4 g6 7.Nf3 Bg7 8.Be2 O-O
9.O-O Re8 10.Nd2 Nbd7 11.Qc2 Ne5 12.h3 g5 13.Nf3 Nxf3+ 14.Bxf3 Nd7 15.Bh5 Ne5
16.f4 gxf4 17.Bxf4 Ng6 18.Qf2 Bd4 19.Be3 Bxe3 20.Qxe3 Re5 21.Qf3 Qe7 22.Rf2
Bd7 23.Raf1 Be8 24.Bg4 b5 25.Bf5 b4 26.Ne2 Bb5 27.Rd1 Nh4 28.Qg4+ Kh8 29.Ng3
Rg8 30.Qh5 Rg7 31.Rf4 Ng6 32.Rg4 a5 33.Qh6 a4 34.Nh5 Rg8 35.Nf4 Qf8 36.Rxg6
{#r} 1-0

[Event "Ch Hungary (team)"]
[Site "masterchessopen.com - Hungary"]
[Round "0"]
[White "Rajna George (ISR)"]
[Black "Hardicsay Peter (HUN)"]
[Result "0-1"]
[WhiteElo "2390"]
[BlackElo "2266"]

1.d4 Nf6 2.Nf3 e6 3.c4 c5 4.d5 exd5 5.cxd5 d6 6.Nc3 g6 7.e4 Bg7 8.Be2 O-O
9.O-O Re8 10.Nd2 Nbd7 11.a4 Ne5 12.h3 g5 13.Nf3 Nxf3+ 14.Bxf3 h6 15.Ra3 b6
16.Qc2 a6 17.Ne2 Bd7 18.Ng3 b5 19.Be2 Qe7 20.Re3 Qf8 21.Kh1 g4 22.hxg4 Nxg4
23.Bxg4 Bxg4 24.Ne2 Qe7 25.Kg1 Qh4 26.g3 Qe7 27.f3 Bd7 28.Kg2 bxa4 29.Rh1 Rab8
30.Nf4 f5 31.Re2 Qf7 32.Nh5 fxe4 33.fxe4 Rb3 34.Nf4 Bg4 35.Rf2 Qe7 36.Re1 Bd4
37.e5 Qh7 38.e6 Bxf2 39.Qxf2 Qf5 40.Qd2 Bf3+ 41.Kf2 Be4 42.Re3 Rxe3 43.Qxe3
Bxd5 44.Qd2 Bxe6 45.Qxd6 Qc2+ 46.Bd2 Bf7 47.Kf3 Qe4+ 48.Kg4 Be6+ 49.Kh5 Qd4
50.Qxa6 Qxd2 51.Qxa4 Bf7+ 52.Kg4 Qd4 53.Qa6 Qg7+ 54.Kh3 Qg5 55.b3 Rf8 56.Qb6
Kg7 57.Qc7 Kh8 58.Qd6 Rg8 59.Qd3 Qe5 60.Qf3 Qg7 61.Qe3 Be8 62.Kh2 Bc6 63.Nd3
Re8 {#R} 0-1

[Event "It (cat.8)"]
[Site "masterchessopen.com - Toronto (Canada)"]
[Round "2"]
[White "Dlugy Maxim (USA)"]
[Black "Findlay Ian T (CAN)"]
[Result "1-0"]
[WhiteElo "2530"]
[BlackElo "2293"]

1.d4 Nf6 2.c4 e6 3.Nf3 c5 4.d5 exd5 5.cxd5 d6 6.Nc3 g6 7.Nd2 Bg7 8.e4 O-O
9.Be2 Re8 10.O-O Nbd7 11.a4 Ne5 12.Qc2 g5 13.Nd1 g4 14.Bb5 Rf8 15.Re1 Nh5
16.Ne3 Nf4 17.Rb1 a6 18.Bf1 Qa5 19.Nec4 Qb4 20.Re3 b5 21.Rb3 Qxa4 22.Nb6 Qa5
23.Nxa8 Bb7 24.Nc4 Nxc4 25.Bxf4 Ne5 26.Rg3 h5 27.h3 h4 28.Ra3 Qd8 29.Bxe5 Bxe5
30.hxg4 b4 31.Rh3 a5 32.Nb6 Qxb6 33.Rxh4 Qd8 34.Rh5 Qf6 35.g3 Bc8 36.f4 Bd4+
37.Kh1 Re8 38.Bd3 Kf8 39.g5 Qg7 40.f5 {#r} 1-0

[Event "Ch Yugoslavia (team)"]
[Site "masterchessopen.com - Yugoslavia"]
[Round "0"]
[White "Raicevic Vladimir (SRB)"]
[Black "Dizdarevic Emir (CRO)"]
[Result "1-0"]
[WhiteElo "2089"]
[BlackElo "2495"]

1.d4 g6 2.e4 Bg7 3.c4 d6 4.Nc3 c5 5.d5 Nf6 6.Nf3 O-O 7.Be2 e6 8.O-O exd5
9.cxd5 Re8 10.Nd2 Nbd7 11.h3 g5 12.Nc4 Nxe4 13.Nxe4 Rxe4 14.Bd3 Rd4 15.Be3
Rxc4 16.Bxc4 Bxb2 17.Rb1 Bg7 18.f4 Qe7 19.Qd3 Nb6 20.Rbe1 Qf6 21.fxg5 Qc3
22.Qe4 Qe5 23.Qh4 Nxc4 24.Qxc4 Bxh3 25.Re2 b5 26.Qxb5 Bg4 27.Qb7 Bxe2 28.Qxa8+
Bf8 29.Bf4 Qd4+ 30.Rf2 Qd1+ 31.Kh2 Bc4 32.Rd2 Qg4 33.Rf2 Qh5+ 34.Kg3 h6
35.gxh6 Qg6+ 36.Kh4 Qf6+ 37.Kh3 Qf5+ 38.g4 Qd3+ 39.Kh4 Bxd5 40.Qd8 Be6 41.Qf6
Qd1 42.Rg2 Qf3 43.Rg3 Qf2 44.Kg5 Kh7 45.Re3 Qxa2 46.Bxd6 Qd2 47.Bf4 Qd7
48.Rxe6 Qxe6 49.Qxe6 fxe6 50.Kf6 e5 51.Bd2 c4 52.g5 Bxh6 53.g6+ Kg8 54.Bxh6 e4
55.Bd2 Kf8 56.Bc3 {#r} 1-0

[Event "Ch Yugoslavia (team) (2 liga)"]
[Site "masterchessopen.com - Arandjelovac (Yugoslavia)"]
[Round "9"]
[White "Milicevic Miodrag (SRB)"]
[Black "Marjanovic Bodin (YUG)"]
[Result "1-0"]
[WhiteElo "2204"]
[BlackElo "2295"]

1.d4 Nf6 2.c4 c5 3.d5 e6 4.Nc3 exd5 5.cxd5 d6 6.e4 g6 7.Nf3 Bg7 8.Be2 O-O
9.O-O Re8 10.Nd2 a6 11.a4 Nbd7 12.Qc2 Ne5 13.Ra3 g5 14.Nd1 Rb8 15.a5 Ng6
16.Ne3 Qe7 17.f3 Nh5 18.Ndc4 Bd4 19.Kh1 Ng7 20.Rb3 Nf4 21.Rb6 Rd8 22.Bd3 h5
23.Bd2 Qf6 24.Bc3 Ne8 25.Bxd4 Qxd4 26.Rd1 Qg7 27.Qc3 f6 28.b4 Qc7 29.Bf1 Ng6
30.Rb1 Nf8 31.bxc5 Qxc5 32.Qb4 Nd7 33.Qxc5 Nxc5 34.Be2 Na4 35.R6b3 Nc5 36.Rb6
Na4 37.R6b4 Nc3 38.R1b2 Nxe2 39.Rxe2 Nc7 40.Rb6 Nb5 41.h3 Kf7 42.Ra2 g4
43.fxg4 hxg4 44.hxg4 Nc3 45.Rf2 Nxe4 46.Rf4 Ng3+ 47.Kh2 Ne2 48.Rf3 Nd4
49.Nxd6+ Rxd6 50.Rxd6 Nxf3+ 51.gxf3 b5 52.axb6 Ke7 53.Nc4 Bd7 54.g5 fxg5
55.Rg6 Bb5 56.Na5 Be8 57.Rh6 Kd7 58.b7 Kc7 59.Rxa6 Bd7 60.d6+ Kd8 61.Ra8 {#r}
1-0

[Event "It"]
[Site "masterchessopen.com - Bahrain"]
[Round "0"]
[White "Bouaziz Slim (TUN)"]
[Black "Plaskett Jim (ENG)"]
[Result "0-1"]
[WhiteElo "2338"]
[BlackElo "2445"]

1.d4 Nf6 2.Nf3 c5 3.d5 d6 4.c4 e6 5.Nc3 exd5 6.cxd5 g6 7.e4 Bg7 8.Be2 O-O
9.O-O Re8 10.Nd2 Nbd7 11.Re1 Ne5 12.Nf1 a6 13.a4 h5 14.h3 Rb8 15.Qc2 Nh7 16.f4
Nd7 17.Ne3 Qh4 18.Rf1 Bd4 19.Kh2 Ndf6 20.Nf5 Bxf5 21.exf5 Ng4+ 22.Bxg4 hxg4
23.fxg6 Nf6 24.gxf7+ Kxf7 25.Ne2 gxh3 26.g3 Ng4+ 27.Kh1 Qh5 {#R} 0-1

[Event "Ch Yugoslavia (team)"]
[Site "masterchessopen.com - Cetinje (Montenegro)"]
[Round "0"]
[White "Vasiljevic Dragan (SRB)"]
[Black "Radakov Karlo (SRB)"]
[Result "0-1"]
[WhiteElo "2280"]
[BlackElo "2280"]

1.d4 Nf6 2.Nf3 c5 3.d5 e6 4.c4 exd5 5.cxd5 d6 6.Nc3 g6 7.Nd2 Bg7 8.e4 O-O
9.Be2 Re8 10.O-O a6 11.a4 Nbd7 12.Ra3 Qc7 13.Kh1 Nb6 14.f4 Bd7 15.Bf3 Kh8
16.Qc2 Nc8 17.b3 Na7 18.a5 Nb5 19.Nxb5 axb5 20.b4 c4 21.Bb2 Ng8 22.Bxg7+ Kxg7
23.Qc3+ f6 24.Nb3 Nh6 25.Nd4 Nf7 26.Ne2 Qd8 27.Nd4 Qe7 28.Raa1 Ra6 29.Rae1 Rf8
30.h3 h6 31.Bg4 Nd8 32.Bxd7 Qxd7 33.Rf3 Re8 34.f5 g5 35.Ne6+ Kf7 36.Qd4 Qe7
37.Rg3 Rh8 38.h4 Ke8 39.Kg1 Nf7 40.hxg5 hxg5 41.Ree3 Rh7 42.Rh3 Ne5 43.Rxh7
Qxh7 44.Qd1 g4 45.Nd4 Qh4 46.g3 Qh6 47.Qe2 Kd7 48.Kf2 b6 49.Nxb5 bxa5 50.Ra3
Nd3+ 51.Kg1 Qc1+ 52.Kg2 Ne1+ 53.Kf2 Nf3 54.Qf1 Qd2+ 55.Qe2 Qxb4 56.Qe3 Qxb5
57.Qh6 Qb2+ 58.Kf1 Qb1+ {#R} 0-1

[Event "Cup Latin (corr.)"]
[Site "masterchessopen.com - corr."]
[Round "0"]
[White "Rogemont Alain"]
[Black "Frilli Fabio (ITA)"]
[Result "1-0"]
[WhiteElo "2235"]
[BlackElo "2086"]

1.d4 Nf6 2.Nf3 c5 3.d5 g6 4.c4 e6 5.Nc3 exd5 6.cxd5 d6 7.e4 Bg7 8.Be2 O-O
9.O-O Re8 10.Nd2 Nbd7 11.a4 g5 12.Qc2 Ne5 13.Nc4 Nxc4 14.Bxc4 Ng4 15.Ne2 Qf6
16.Ra3 Qg6 17.Ng3 Ne5 18.Bb5 Rf8 19.f4 gxf4 20.Bxf4 Kh8 21.Nf5 Bxf5 22.exf5
Qf6 23.Rg3 Qe7 24.Rxg7 Kxg7 25.Bh6+ Kg8 26.f6 Qd8 27.Qd2 Ng6 28.h4 Nxh4 29.Bg7
Qc8 30.Bd3 Ng6 31.Qh6 Qg4 32.Bh8 {#r} 1-0

[Event "It"]
[Site "masterchessopen.com - Daugavpils (Latvia)"]
[Round "0"]
[White "Lapinski J"]
[Black "Piesina Gintautas (LTU)"]
[Result "0-1"]
[WhiteElo "2200"]
[BlackElo "2420"]

1.d4 Nf6 2.c4 c5 3.d5 e6 4.Nc3 exd5 5.cxd5 d6 6.Nf3 g6 7.e4 Bg7 8.Be2 O-O
9.O-O Re8 10.Nd2 Nbd7 11.Rb1 a6 12.a4 Rb8 13.Qc2 Qe7 14.f3 b6 15.b3 Nh5 16.Bb2
Bd4+ 17.Kh1 Qh4 18.h3 Ng3+ 19.Kh2 Be5 20.Kg1 Bd4+ 21.Kh2 Nxf1+ 22.Bxf1 Be5+
23.Kg1 Qg3 24.Be2 Qh2+ 25.Kf1 Bg3 {#R} 0-1

[Event "Ch France (team) (nat.3)"]
[Site "masterchessopen.com - France"]
[Round "0"]
[White "Donrault Patrick (FRA)"]
[Black "Guerin Christian (FRA)"]
[Result "1-0"]
[WhiteElo "2202"]
[BlackElo "2029"]

1.d4 Nf6 2.Nf3 c5 3.d5 e6 4.c4 exd5 5.cxd5 d6 6.Nc3 g6 7.Nd2 Bg7 8.e4 O-O
9.Be2 Re8 10.O-O Nbd7 11.a4 Ne5 12.Ra3 g5 13.Qc2 g4 14.Re1 Nh5 15.Nf1 a6
16.Ng3 Nxg3 17.hxg3 Qf6 18.Nd1 Rb8 19.a5 b5 20.axb6 Rxb6 21.Bd2 Qg6 22.Ba5 Rb8
23.Bc3 f5 24.Bxa6 Bd7 25.exf5 Bxf5 26.Qc1 Bd3 27.Qa1 Bxa6 28.Rxa6 Nd3 29.Rxe8+
Rxe8 30.Ra8 Qe4 31.Ne3 Bd4 32.Qa4 Rxa8 33.Qxa8+ Kf7 34.Qb7+ Kg6 35.Qd7 Bxc3
36.bxc3 Qe5 37.Qxg4+ Kf7 38.Qf5+ Ke7 39.Qxh7+ Kf6 40.Qh8+ Kg5 {#r} 1-0

[Event "It (open)"]
[Site "masterchessopen.com - Helsinki (Finland)"]
[Round "1"]
[White "Kanko Ilkka (FIN)"]
[Black "Kokkila Tero (FIN)"]
[Result "1-0"]
[WhiteElo "2231"]
[BlackElo "2330"]

1.d4 Nf6 2.c4 c5 3.d5 g6 4.Nc3 d6 5.e4 Bg7 6.Be2 O-O 7.Nf3 e6 8.O-O Re8 9.Nd2
exd5 10.cxd5 a6 11.a4 Nbd7 12.Qc2 Ne5 13.Ra3 Rb8 14.a5 g5 15.Nd1 Ng6 16.Ne3
Nf4 17.Bd1 Bd7 18.f3 Bb5 19.Ndc4 Bxc4 20.Nxc4 h6 21.Rb3 Qe7 22.Ne3 Nd7 23.Nf5
Bd4+ 24.Kh1 Qf6 25.g3 Nh5 26.f4 Ng7 27.Bg4 gxf4 28.Nxg7 Qxg7 29.Bxd7 Re7
30.Bf5 fxg3 31.Rxg3 {#r} 1-0

[Event "It (open)"]
[Site "masterchessopen.com - Katowice (Poland)"]
[Round "6"]
[White "Matlak Marek (POL)"]
[Black "Widera Jan (POL)"]
[Result "1-0"]
[WhiteElo "2420"]
[BlackElo "2019"]

1.d4 Nf6 2.Nf3 c5 3.d5 e6 4.c4 exd5 5.cxd5 g6 6.Nc3 d6 7.Nd2 Bg7 8.e4 O-O
9.Be2 Re8 10.O-O Nbd7 11.a4 Ne5 12.Re1 g5 13.Nf1 h6 14.Qc2 Ng6 15.Ne3 Nf4
16.Bb5 Re7 17.a5 Rb8 18.Bd2 a6 19.Bf1 Re8 20.Nc4 Ng4 21.Nd1 Qe7 22.Nde3 Nxe3
23.Rxe3 Bd7 24.Bc3 Bb5 25.Nb6 Bd4 26.Ree1 Rbd8 27.Qd2 Be5 28.Rab1 Qf6 29.Bxe5
Rxe5 30.b4 cxb4 31.Bxb5 axb5 32.Rxb4 g4 33.Rxb5 Qg5 34.Kf1 Rde8 35.g3 Nh3
36.Qxg5+ Nxg5 37.Nd7 Nf3 38.Nxe5 Nxe1 39.Nxg4 {#r} 1-0

[Event "It (open)"]
[Site "masterchessopen.com - Pula (Croatia)"]
[Round "0"]
[White "Ikonnikov Vyacheslav (RUS)"]
[Black "Kutuzovic Branko (CRO)"]
[Result "0-1"]
[WhiteElo "2485"]
[BlackElo "2339"]

1.d4 Nf6 2.Nf3 e6 3.c4 c5 4.d5 exd5 5.cxd5 d6 6.Nc3 g6 7.e4 Bg7 8.Be2 O-O
9.O-O Re8 10.Nd2 Nbd7 11.a4 Ne5 12.Qc2 g5 13.Nf3 Nxf3+ 14.Bxf3 Ng4 15.Bxg4
Bxg4 16.f4 gxf4 17.Bxf4 Bh5 18.Nb5 Be5 19.Qf2 a6 20.Qg3+ Bg6 21.Nxd6 Qxd6 {#R}
0-1

[Event "It (open)"]
[Site "masterchessopen.com - Pula (Croatia)"]
[Round "0"]
[White "Tosic Miroslav (SRB)"]
[Black "Kutuzovic Branko (CRO)"]
[Result "0-1"]
[WhiteElo "2434"]
[BlackElo "2339"]

1.d4 Nf6 2.c4 c5 3.d5 e6 4.Nc3 exd5 5.cxd5 d6 6.e4 g6 7.Nf3 Bg7 8.Be2 O-O
9.O-O Re8 10.Nd2 Nbd7 11.h3 a6 12.a4 g5 13.Re1 h6 14.Nc4 Nb6 15.a5 Nxc4
16.Bxc4 g4 17.Bf1 gxh3 18.gxh3 Nh7 19.Bf4 Ng5 20.Re3 Bd4 21.Rg3 Qf6 22.Qd2 Kh8
23.Bg2 Rg8 24.Kf1 Bd7 25.Re1 Rac8 26.Re2 Rg6 27.h4 Nh3 28.Rxg6 fxg6 29.Bg3 g5
30.hxg5 hxg5 31.e5 dxe5 32.Ne4 Qg6 33.Bxh3 Bxh3+ 34.Kg1 Rg8 35.Nxc5 Qf5 36.Kh2
Bf1 37.Kg1 Qh3 {#R} 0-1